Seguir con el problema. Generar parentesco en el Chthuluceno.

Saved in:
Bibliografiske detaljer
Hovedforfatter: Haraway, Donna J. (autora)
Andre forfattere: Torres, Helen (traductora)
Format: Ukendt
Sprog:engelsk
Udgivet: Bilbao, España: Consonni, 2019.
Udgivelse:Primera edición en español
Fag:
Tags: Tilføj Tag
Ingen Tags, Vær først til at tagge denne postø!

MARC

LEADER 00000 a2200000 4500
003 CL-VaPUC
005 20221111123217.0
008 210422b ||||| |||| 00| 0 eng d
999 |c 432521  |d 432519 
020 |a 9788416205417 
040 |c Pontificia Universidad Católica de Valparaíso 
082 |a 599.95 HAR 2019 
100 |a Haraway, Donna J.   |e autora  |9 862501 
245 |a Seguir con el problema.  |b Generar parentesco en el Chthuluceno. 
250 |a Primera edición en español 
260 |a Bilbao, España:  |b Consonni,  |c 2019. 
300 |a 365 páginas  
500 |a c.2 Donación Prof. Sr. Raúl Rodríguez F., Inst. Literatura Memo 6/2021 21/7/2021 
583 |k Cristina Rojas  |c 20210422 
650 |a Relación humano-planta  |9 861597 
650 |a Relación humano-animal  |9 861598 
650 |a Ecología humana   |9 263207 
650 |a Naturaleza  |x Efecto del ser humano  |9 861599 
700 |a Torres, Helen   |e traductora  |9 861449 
942 |2 ddc  |c BK 
952 |0 0  |1 0  |2 ddc  |4 0  |6 599_950000000000000_HAR_2019  |7 0  |8 A  |9 577607  |a BIBEDU  |b BIBEDU  |d 2021-03-04  |e 3  |g 11681.00  |i 5582814  |l 2  |o 599.95 HAR 2019  |p 5582814  |r 2023-09-28  |s 2023-09-14  |t 1  |v 11681.00  |w 2021-03-04  |y BK  |k LIT 
952 |0 0  |1 0  |2 ddc  |4 0  |6 599_950000000000000_HAR_2019  |7 0  |8 A  |9 578522  |a FDOPOS  |b BIBEDU  |d 2021-07-29  |i 5623030  |l 1  |o 599.95 HAR 2019  |p 5623030  |r 2025-01-22  |s 2022-11-21  |t 2  |w 2021-07-29  |y BK  |k DLH 
952 |0 0  |1 0  |2 ddc  |4 0  |6 599_950000000000000_HAR_2019  |7 0  |8 A  |9 587403  |a BIBING  |b BIBING  |c GEN  |d 2022-10-19  |e 3  |g 17936.67  |i 5655302  |l 2  |o 599.95 HAR 2019  |p 5655302  |r 2025-01-20  |s 2024-06-04  |t 3  |v 17936.67  |w 2022-10-19  |y BK  |k GEO 
952 |0 0  |1 0  |2 ddc  |4 0  |6 599_950000000000000_HAR_2019  |7 0  |8 A  |9 587404  |a BIBING  |b BIBING  |c GEN  |d 2022-10-19  |e 3  |g 17936.67  |i 5655303  |l 3  |m 4  |o 599.95 HAR 2019  |p 5655303  |r 2025-03-26  |s 2025-03-11  |t 4  |v 17936.67  |w 2022-10-19  |y BK  |k GEO 
952 |0 0  |1 0  |2 ddc  |4 0  |6 599_950000000000000_HAR_2019  |7 0  |8 A  |9 587405  |a BIBING  |b BIBING  |c GEN  |d 2022-10-19  |e 3  |g 17936.67  |i 5655304  |l 1  |o 599.95 HAR 2019  |p 5655304  |r 2025-01-20  |s 2023-06-08  |t 5  |v 17936.67  |w 2022-10-19  |y BK  |k GEO